Deep Sea Creatures by Picture - Statistics

General Stats
  • This quiz has been taken 139 times
  • The average score is 8 of 16
Answer Stats
Picture Answer % Correct
Anglerfish
99%
Goblin Shark
84%
Vampire Squid
71%
Dumbo Octopus
67%
Gulper Eel
60%
Giant Isopod
58%
Yeti Crab
58%
Blobfish
48%
Barreleye Fish
46%
Giant Tube Worm
45%
Sea Pig
45%
Tripod Fish
41%
Hagfish
36%
Swimming Sea Cucumber
22%
Lantern Shark
17%
Snipe Eel
15%
No matching quizzes found
Score Distribution
Percent of People with Each Score
Percentile by Number Answered
Your Score History
You have not taken this quiz